000 01932nam a22002897a 4500
001 1333
005 20230817110022.0
008 230817b cb ||||| |||| 00| 0 khr d
020 _a9789996305481
040 _aFISKH
_beng
_cFISKH
_dFISKH
082 _a398.2454
100 _aSarith, Huot
245 _aកូននាគខ្មៅ /
_cនិពន្ធដោយ ហួត សារិទ្ធ - គូររូបដោយ អ៊ុករដ្ឋា
250 _aបោះពុម្ពលើកទី៦ ខែវិច្ឆិកា​ ឆ្នាំ​២០២១
260 _aPhnom Penh :
_bSipar,
_c2021.
300 _a36 pages :
_bcolor illustrations ;
_c24 cm
490 _aខ្ញុំចង់អាន
505 _aP
520 _aកូននាគខ្មៅចូលចិត្តហោះលឿន ហើយតែងតែធ្វើឳ្យម្ដាយនាគបាម្ភជានិច្ច។ ថ្ងៃមួយ ពេលដែលម្ដាយចេញទៅរកកូន គាត់ក៏ត្រូវពួកចោរចាប់បាន។ កូននាគខ្មៅចង់ជួយម្ដាយ ហើយវា​ក៏បានជួបវិភូរី ដែលជាកូនស្ដេចម្នាក់ និងជាចំណាប់ខ្មាំងដែរ។
520 _aThe baby black dragon loves to fly fast and always worries the mother. One day, when his mother went out to look for him, she was caught by thieves. The baby black dragon wanted to help his mother, then he met Viphuri, the daughter of a king and a hostage.
521 _a650
_bLexile estimate
521 _aP
_bRaz-Plus
650 _aលឿន
_vស្វែងរក
_xជាប់ខ្លួន
_yស្ដេច
650 _aFast
_vLooking for
_xCaught
_yKing
700 _aRotha, Ouk
_cillustrator
942 _2ddc
_cBK
_n0
999 _c1333
_d1333